[Event "New Zealand Championship"]
[Site "Christchurch"]
[Date "2022.01.04"]
[Round "3"]
[White "Edward S Lee"]
[Black "Joshua Langford"]
[Result "0-1"]
[WhiteElo "1974"]
[BlackElo "1637"]

1. e4 c6 2. d4 d5 3. f3 dxe4 4. fxe4 e5 5. Nf3 Bg4 6. Bc4 Nd7 7. O-O Ngf6 8. c3
Bd6 9. Qb3 O-O 10. Bg5 Qc7 11. Bxf6 Nxf6 12. Nbd2 b5 13. Bd3 a6 $1 { This was a
move I had seen in a model fantasy Caro-Kann game which I had looked at just
before the game } 14. a4 Rfd8 $6 15. Rae1 {Diagram #I had originally intended
on keeping my a8 rook on the a-file, but after this, my a8 rook was practically
useless, as Edward was never going to open up the a-file with axb5} 15... Re8
{The changed circumstances seemed to justify changing my mind} 16. Kh1 Rad8 17.
c4 $6 {This surprised me, it seems to weaken the d-pawn} 17... bxa4 $1 18. Qxa4
exd4 19. c5 $1 {I missed this follow up, sacrificing a pawn to open up the
position and start an attack} 19... Bxc5 $2 {A misjudgement}  (19... Bf4 $1
{instead kills basically all of Edward's counterplay, and stops any future
attacking prospects} ) 20. e5 $1 {Opening the light squared bishop and
preparing for a Greek gift, which was extremely scary to face over the board}
( {I had expected} 20. Rc1 {trying to win back the material but} 20... Bf8 21.
Rxc6 Qf4 $1 {and e4 is falling} ) 20... Nd7 {Diagram #} 21. Bxh7+ $6 {Very
practical, as Black only has one defence, and it is very hard to spot under
time pressure.} 21... Kxh7 22. Ng5+ Kg8 23. Qc2 d3 $3 { Luckily I did spot the
winning idea! } 24. Qxd3 Nf8 $1 {sacrificing a pawn to attack the queen with
tempo, which halts White's attack entirely. } 25. Qg3 Bh5 26. Qh4 Bg6 27. Nc4
Rd4 28. Rf4 Rxf4 29. Qxf4 Ne6 30. Nxe6 Rxe6 {The position has settled  down and
I'm a full piece up} 31. Rd1 Re8 32. h4 Rd8 33. Nd6 Bxd6 34. exd6 Qd7 35. g4
Qe6 36. Rd4 Qf6 37. Qd2 Qxh4+ 38. Kg2 Qf6 39. d7 Qe6 40. Qf4 Qe2+ 41. Kg3 f6
42. Rd6 Be4 43. Rd2 Qe1+ 44. Kh2 g5 45. Qd6 Qh1+ 46. Kg3 Qh4# {A satisfying
criss-cross mate finishes the game in a good fashion} 0-1

[Event "New Zealand Championship"]
[Site "Christchurch"]
[Date "2022.01.05"]
[Round "4"]
[White "Joshua Langford"]
[Black "Stephen G Lukey"]
[Result "0-1"]
[WhiteElo "1637"]
[BlackElo "2141"]

1. e4 c5 2. Nf3 Nc6 3. d4 cxd4 4. Nxd4 Nf6 5. Nc3 e5 6. Ndb5 d6 7. Bg5 a6 8.
Na3 b5 9. Nd5 Be7 10. Bxf6 Bxf6 11. c4 b4 12. Nc2 a5 13. g3 Be6 14. h4 {The
point of my setup is to completely restrict Black's dark squared bishop} 14...
O-O 15. Bg2 Rc8 16. b3 Rb8 17. O-O Be7 18. Qd3 Qd7 19. Rad1 Rbd8 20. Kh2 g6 21.
Qe3 $1 {Black's wasted rook moves have gifted me time to exploit Black's
dark-square weaknesses with this move, intending 22. Qh6 and h5-h6 with an
attack to follow.} 21... Kh8 22. Qh6 f5 23. h5 Rf7 24. hxg6 Rg7 25. Rh1 $4 {My
attack had been very quickly gaining initiative, but this move gives Black an
opportunity to counterattack and terminate quite a lot of my activity}  (25.
exf5 $1 { Opening up my light squared bishop this way was stronger } ) 25...
Rxg6 26. Qh5 Bg5 $2 {Missing the opportunity}  (26... f4 $1 { Stephen pointed
out this move in the post-mortem, it locks in my light squared bishop and puts
pressure on g3 } ) 27. Kg1 Rdg8 28. exf5 {Black has given White a second chance
to get this in, and the Bg2 comes to life.} 28... Bxf5 29. Nce3 {Diagram #}
29... Rh6 $4 {This doesn't work out} 30. Qf3 Rxh1+ 31. Bxh1 {White is winning a
piece due to the dual threats of Nxf5 and Nb6 hitting the queen and uncovering
a double attack on the Nc6} 31... Rf8 32. Nb6 Qd8 $1 { A great attempt from
Stephen } 33. Qxc6 Bxe3 34. fxe3 Qg5 {hitting two weaknesses and posing a
puzzle I failed to solve in time. Despite me being a piece up, I handled the
counterattack quite poorly and my position became a shambles.} 35. Qf3 Rf7
{Diagram #} 36. Nd5 $2 {was a step in the wrong direction, requiring me to
tread a very narrow path to keep my advantage}  ( {I missed the much simpler}
36. Rf1 $1 {with the idea of meeting} 36... Be6 {with} 37. Qa8+ $1 {and White
is completely winning with no issues at all.} ) 36... Be6 37. Qe2 $4 {A blunder
losing material}  (37. Qg2 { Was sufficient to keep equality } )  (37. Nf4 $3 {
Giving back the piece to obtain a technically winning endgame, is now the only
winning continuation } ) 37... Bg4 $1 {and Black has a completely winning
position, which he converted with ease. Certainly a tough and tilting game, and
the aftermath of my anger is shown in my next few disastrous games.} 38. Qe1
Bxd1 39. Qxd1 Qxg3+ 40. Bg2 Rf2 41. Nf4 Qxe3 42. Nd5 Qg3 0-1

[Event "New Zealand Championship"]
[Site "Christchurch"]
[Date "2022.01.06"]
[Round "5"]
[White "David Cilia Vincenti"]
[Black "Joshua Langford"]
[Result "1-0"]
[WhiteElo "2074"]
[BlackElo "1637"]

1. c4 c5 2. Nc3 Nc6 3. g3 g6 4. Bg2 a6 5. a4 Bg7 6. e4 e6 7. Nge2 Nge7 8. O-O
O-O 9. d3 d6 10. Rb1 Rb8 11. Be3 h6 $6 { Intending to meet 12.Qd2 with
12...Kh7, overlooking David's whole idea } 12. d4 $1 {The thematic Botvinnik
Engilsh move shouldn't have been a suprise. David achieves quite a favourable
Maroczy bind, which I had no idea how to handle.} 12... cxd4 13. Nxd4 Nxd4 14.
Bxd4 Nc6 15. Bxg7 Kxg7 16. Qd2 Qe7 {With the idea of meeting 17.Rfd1 with
17...Rd8, } 17. Rfd1 {Diagram #} 17... b6 $4 { Preventing 18.c5, which wasn't
even a threat anyways }  ( {When Rfd1 appeared on the board I suddenly worried
that David could meet } 17... Rd8 {with} 18. c5 $2 {as I thought my d-pawn was
pinned to my d8-rook. Actually of course my rook was guarded by my c6-knight,
so there was no reason to panic with the pointless 17...b6?? which just
surrenders d6 pointlessly} ) 18. Qxd6 Qxd6 19. Rxd6 Bb7 20. b3 Rfd8 21. Rbd1
Rxd6 22. Rxd6 Rd8 23. Rxd8 Nxd8 24. f4 {The game simplifies into a pretty sad
endgame for me, a pawn down and a huge lack of space. It didn't take too much
effort for David to convert the position, and win a game where I put up
absolutely no resistance at all. An appalling effort from me, but one to learn
from and to not make the same mistakes again} 24... Kf8 25. Kf2 Ke7 26. b4 f5
27. Ke3 Nc6 28. exf5 gxf5 29. b5 axb5 30. axb5 Na5 31. Bxb7 Nxb7 32. Na4 Kd6
33. Kd4 Kc7 34. c5 bxc5+ 35. Nxc5 Nd8 36. Ke5 1-0

[Event "New Zealand Championship"]
[Site "Christchurch"]
[Date "2022.01.07"]
[Round "6"]
[White "Joshua Langford"]
[Black "Vyanla M Punsalan"]
[Result "0-1"]
[WhiteElo "1637"]
[BlackElo "1945"]

1. e4 c6 2. d4 d5 3. Nd2 dxe4 4. Nxe4 Bf5 5. Ng3 Bg6 6. h4 h6 7. Nh3 $5 {The
point of this move is to transfer the knight to f4, where it can exert pressure
on e6 and potentially reroute to h5, pressurising g7. Scott has had huge
success with this line, and I hope to follow in his footsteps.} 7... Nf6 8. Nf4
Bh7 9. Bc4 Nbd7 10. O-O g5 $6 {Diagram #A surprise to me, with the clear
intention of opening up the h-file. The drawback is that it delays her
development, removes the option of castling short and keeps her king stuck in
the middle for a bit too long, but that was something I wasn't able to punish.}
11. hxg5 hxg5 12. Nh3 g4 13. Ng5 Bg8 14. Re1 Qc7 15. Qe2 Qd6 16. N5e4 Nxe4 17.
Qxe4 Nf6 18. Qf4 {With this move I gave up on trying to punish Vyanla's poor
opening decisions and went into an endgame that I thought favoured me , since I
had pressure along the e-file and harmonious piece placement. To my surprise,
the engine only evaluates it as +0.3 for me, which in retrospect is
understandable since she was able to regroup her pieces and apply pressure to
my position.} 18... Qxf4 19. Bxf4 Bh7 $1 { I really like this move, preventing
Nf5 and attacking putting pressure on c2 } 20. Bg5 Nd5 21. Re2 e6 22. Rae1 Be7
23. Bxe7 Kxe7 24. Ne4 Rad8 25. c3 b6 26. Bb3 Bg6 27. Bxd5 cxd5 28. Ng3 Rd6 29.
Re5 f6 30. R5e2 Rh6 31. f3 gxf3 32. gxf3 Kf7 33. Nf1 Bd3 34. Re3 Rg6+ 35. Kf2
Bxf1 36. Kxf1 {Diagram #Eventually we liquefy the position into an endgame with
double rooks and five pawns each side, where Vyanla has a glaring weakness on
e6, but my rooks are misplaced. She handles the pressure on e6 perfectly,
switching out her rooks and moving one to a more active position where it
exerts pressure on f3} 36... f5 37. R1e2 Rd8 38. Ke1 Rdg8 39. Kd2 Rh8 40. Kc2
Rh3 41. Kd2 f4 $1 { After this well-timed push, I realise that I can't keep
putting pressure on e6, and I am forced into defending a tough position where
her rooks infiltrate my camp } 42. Rd3 Rg1 43. Rf2 a5 44. Kc2 Kf6 45. b3 Rhh1
46. Rdd2 Kf5 47. Rde2 Rc1+ 48. Kd3 Rhe1 49. c4 Kf6 50. Rxe1 Rxe1 51. c5 $4 { I
played this  with just one second on my clock, and I instantly regretted it,
now I can't defend both my loose c5-pawn and my loose f3-pawn}  ( {Instead} 51.
cxd5 {would've kept some drawing chances} ) 51... Re3+ {Vyanla soon cleans up
my pawns and then her central pawns roll down the board. I was extremely
impressed by Vyanla's endgame technique. This was a game that I learned a lot
from, it exposed a big hole in my own endgame skills. } 52. Kd2 bxc5 53. dxc5
d4 54. Rf1 Ke7 55. Rc1 Rxf3 56. Rc4 e5 57. Ra4 Rc3 58. Rxa5 e4 59. Ra7+ Ke6 60.
b4 e3+ 61. Ke1 f3 0-1

[Event "New Zealand Championship"]
[Site "Christchurch"]
[Date "2022.01.10"]
[Round "9"]
[White "Aaron Ziwen Wang"]
[Black "Joshua Langford"]
[Result "0-1"]
[WhiteElo "1788"]
[BlackElo "1637"]

1. c4 e5 2. Nc3 Nc6 3. Nf3 Nf6 4. g3 Bc5 5. Nxe5 {Aaron errs with this slightly
unexpected move, which is a common idea in the English } 5... Bxf2+ $1 {Since
Aaron has already committed to playing 4.g3, this plan is less effective due to
5...Bxf2+!, which I had prepared and was glad to play over the board.}  (5...
Nxe5 6. d4) 6. Kxf2 Nxe5 7. e3 $2 {Aaron quickly makes a mistake allowing me to
break in the centre}  ( {Instead } 7. e4 {would've held his position,
preventing d5 in a Maroczy bind fashion, and preparing to follow up with 8.d4 }
) 7... d5 $1 ( {apparently } 7... b5 { is even stronger, but this move has
never been played before in any database as far as I can tell } ) 8. d4 $2
{Allowing me to trade off his strong light squared bishop which protects his
kingside light-square weaknesses, which gives me a completely dominating
position.} 8... Nxc4 9. Bxc4 dxc4 {Diagram #Without a bishop to control White's
light-square complex, White's position becomes very hard to play } 10. Qa4+ Bd7
11. Qxc4 Bc6 12. Rd1 Ne4+ 13. Kg1 Nxc3 14. bxc3 Qd5 15. Qxd5 Bxd5 {Diagram
#Soon I traded into an endgame which I judged correctly to be completely
winning for me. Basically all of Aaron's pawns were on the same colour as his
dark-square bishop and the opposite colour of mine, so my bishop completely
dominated his position while his bishop could barely even move. As long as I
kept my bishop on d5 preventing any c4 or e4 breaks, I should be able to
convert this, as Aaron can do basically nothing to improve his position; all he
can do is sit around and wait for me to make a mistake.} 16. Re1 f5 17. Ba3 Kf7
18. Rf1 g6 19. Rab1 b6 20. Rf2 Rhe8 21. Re1 Re4 22. Bc1 Rc8 {With the nice plan
of ...c5!,  to weaken the d4-pawn} 23. a3 c5 $1 24. Bb2 cxd4 25. cxd4 Rce8 26.
Bc1 Rxd4 {Exploiting the pin on the e-file to cololect the weak d-pawn. Now a
pawn up, this is simply a matter of conversion technique.} 27. exd4 Rxe1+ 28.
Rf1 Re4 { I knew that I had to avoid trading off rooks, since although I am a
pawn up, the resulting position would be an opposite-colour bishop endgame, an
endgame which is near impossible to convert. Instead, I opted for the slow
grind, where I can push my queenside majority, keep the rooks on the board and
slowly but surely squeeze out the full-point. } 29. Bb2 Bc4 30. Rc1 b5 31. Rc2
Ke6 32. Kf2 Kd5 33. Bc3 g5 34. Kg2 $2 {Diagram #This makes my conversion easier
as I can seize more territory with} 34... Re3 $1 {controlling the 3rd rank,}
35. Kf2 Ke4 {and my pieces begin to surround Aaron's camp } 36. Bb4 f4 37. Bc5
Rf3+ 38. Kg2 a6 39. Rf2 Rb3 40. gxf4 gxf4 41. Bd6 $2 {Diagram #A final mistake
allowing} 41... f3+ $1 42. Kg3 Be2 $1 {Trapping the rook. The only problem now
was that I was situated on board 11, where at around 5pm the sun would beam
through the back window and onto my board, creating shadows and making it
tougher to visualise and calculate lines from the position. Luckily for me, the
game was basically over, and since I'd reached move 40 at this point, a few
careful moves were enough to force a resignation. } 43. Bc5 Rc3 44. h4 h5 45.
Rh2 Ke3 46. Rh3 Rc1 47. Bb6 Rg1+ 48. Kh2 Rg2+ 49. Kh1 Rg6 50. Bc5 Bf1 51. Rh2
Bg2+ 52. Rxg2 Rxg2 53. Bb6 Ke2 0-1